Images Dans quel film de James Bond voit-on ces véhicules ? - Statistiques

Statistiques générales
  • Ce quiz a été pris 28 fois
    24 depuis la dernière actualisation
  • Le résultat moyen est 9 sur 67
Statistiques - réponses
Par images Hint Réponse % Correct
Aston Martin DB10 Spectre
86%
Aston Martin DB5 Casino Royale | Skyfall | Goldfinger | Opération Tonnerre | GoldenEye | Demain ne meurt jamais | Spectre | Mourir peut attendre
67%
Aston Martin Valhalla Mourir peut attendre
48%
Citroën 2 CV Rien que pour vos yeux
43%
Buggy spatial Les diamants sont éternels
38%
Aston Martin DBS Quantum of solace | Casino Royale | Au service secret de Sa Majesté
38%
BMW Z3 GoldenEye
33%
Aston Martin DBS Superleggera Mourir peut attendre
29%
Jaguar XJ L - X351 Skyfall
29%
Kenworth W900 Permis de tuer
24%
Land-Rover Range-Rover Sport I - HSE Casino Royale | Quantum of solace
19%
Renault 11 TSE Electronic Dangereusement vôtre
19%
BMW R 1200 C Demain ne meurt jamais
19%
T-55 GoldenEye
19%
BMW Z8 Le monde ne suffit pas
19%
AMC Hornet L homme au pistolet d or
19%
Aéroglisseur Meurs un autre jour
19%
Lotus Esprit Turbo Rien que pour vos yeux
19%
Land-Rover Range-Rover III - HSE Skyfall
19%
Jaguar XJ - X350 Spectre
19%
AEC Regent III Vivre et laisser mourir
19%
BMW 750iL Demain ne meurt jamais
14%
Alfa Romeo Alfetta GTV V6 Octopussy
14%
Toyota 2000GT On ne vit que deux fois
14%
Honda CRF 250 R Skyfall
14%
Aston Martin V8 Vantage Tuer n est pas jouer
14%
Bentley 3½ Litre Bons baisers de Russie
10%
Ford Mondeo III - ST 2.5 Casino Royale
10%
Rolls-Royce Silver Cloud II Dangereusement vôtre
10%
Renault Fuego Dangereusement vôtre
10%
Cagiva W16 GoldenEye
10%
Yamaha XJ650 Turbo Jamais plus jamais
10%
Aston Martin V12 Vanquish Meurs un autre jour
10%
Triumph Scrambler 1200 Mourir peut attendre
10%
Aston Martin V8 Mourir peut attendre
10%
Ford Edge I - SEL Quantum of Solace
10%
Ford Ka Quantum of Solace
10%
Land-Rover Defender Crew Cab Skyfall
10%
Rolls-Royce Silver Wraith Spectre
10%
Land Rover Discovery Sport Spectre
10%
Audi 200 Quattro Tuer n est pas jouer
10%
Renault 5 Turbo 2 Jamais plus jamais
5%
Ford Mustang Mach 1 Les diamants sont éternels
5%
Bateau Glastron Moonraker
5%
Toyota Land Cruiser Mourir peut attendre
5%
Range Rover Classic décapotable Octopussy
5%
Maserati Biturbo 425 Permis de tuer
5%
Montesa Cota 4RT Quantum of Solace
5%
Mercury Cougar XR-7 Au service secret de Sa Majesté
0%
Chevrolet C-30 Apache Stake Bons baisers de Russie
0%
International 4000-Series Casino Royale
0%
Ford LTD Fox Dangereusement vôtre
0%
Ford Scorpio GoldenEye
0%
Chevrolet Bel Air James Bond 007 contre Dr No
0%
Sunbeam Alpine James Bond 007 contre Dr No
0%
Triumph Stag Les diamants sont éternels
0%
Lotus Esprit Wet Nellie L homme au pistolet d or
0%
Leyland Sherpa L homme au pistolet d or
0%
Ford Fairlane 500 Skyliner Meurs un autre jour
0%
BMW 518i Octopussy
0%
Lincoln Continental Opération Tonnerre
0%
Lincoln Continental Mark VII Permis de tuer
0%
Volvo S40 II - T5 Quantum of Solace
0%
Ford Bronco II - XLT Quantum of Solace
0%
Mercedes-Benz 450SEL Rien que pour vos yeux
0%
Mini Moke Vivre et laisser mourir
0%
Chevrolet Impala Convertible Vivre et laisser mourir
0%
Aucun quiz correspondant
Distribution des résultats
% des personnes avec chaque résultat
Percentile par nombre de réponses
Votre historique - résultats
Vous n’avez pas pris ce quiz depuis la dernière actualisation